000 00630cam a22002291 4500
001 sa 66005183
003 DLC
005 20260227112248.0
008 861103s1964 pk a 000 0 eng
010 _asa 66005183
025 _aPL480:P-E-981
035 _a(OCoLC)14627372
040 _aDLC
_cWaU
_dDLC
042 _apremarc
050 0 0 _aHB3640.5
_b.I5 1964
110 2 _aInvestment Advisory Centre of Pakistan.
245 1 0 _aPopulation projections for Pakistan, 1961-1986.
250 _aRevised December 1964.
260 _aKarachi
_c[1964?]
300 _avi, 35 p.
_billus.
_c28 cm.
651 0 _aPakistan
_xPopulation.
999 _c69845
_d69845